Sports Quiz

Random Sports or MLB Quiz

MLB Strikeout Leaders per Team Quiz Stats

 Plays Quiz Updated Oct 1, 2019

Score 0/30 Timer 06:00
7 Plays Today
Team Player % Correct
Arizona DiamondbacksRandy Johnson
96.9%
Seattle MarinersFelix Hernandez
93%
Minnesota TwinsWalter Johnson
90.8%
Houston AstrosNolan Ryan
82.2%
Los Angeles AngelsNolan Ryan
82.2%
Boston Red SoxRoger Clemens
76.4%
Atlanta BravesJohn Smoltz
71.2%
New York MetsTom Seaver
56.1%
St. Louis CardinalsBob Gibson
51%
Baltimore OriolesJim Palmer
49.3%
Philadelphia PhilliesSteve Carlton
47.7%
New York YankeesAndy Pettitte
43.5%
Cleveland IndiansBob Feller
38.4%
Tampa Bay RaysJames Shields
35.8%
Chicago CubsFergie Jenkins
32.8%
Team Player % Correct
Miami MarlinsRicky Nolasco
28.6%
Los Angeles DodgersDon Sutton
25.2%
San Diego PadresJake Peavy
25%
San Francisco GiantsChristy Mathewson
23.4%
Toronto Blue JaysDave Stieb
20.2%
Washington NationalsStephen Strasburg
17%
Milwaukee BrewersYovani Gallardo
15.9%
Detroit TigersMickey Lolich
13.1%
Texas RangersCharlie Hough
8.9%
Kansas City RoyalsKevin Appier
8.1%
Colorado RockiesJorge De La Rosa
7.5%
Oakland AthleticsEddie Plank
6.1%
Chicago White SoxBilly Pierce
3.7%
Pittsburgh PiratesBob Friend
3.2%
Cincinnati RedsJim Maloney
2.9%

You're not logged in!

Compare scores with friends on all Sporcle quizzes.
OR
Log In

Sporcle TV

Today on Sporcle TV


Watch our educational content, quiz creation guides, and fun videos on Sporcle TV.

Show Comments

Extras

Top Quizzes Today


Score Distribution

Your Account Isn't Verified!

In order to create a playlist on Sporcle, you need to verify the email address you used during registration. Go to your Sporcle Settings to finish the process.

Report this User

Report this user for behavior that violates our Community Guidelines.

Details: